NFL Rookies QB's Last 6 Years - Statistics

General Stats
  • This quiz has been taken 17 times
  • The average score is 5 of 8
Answer Stats
2025 2024 2023 2022 2021 2020 % Correct
Cam Ward Drake Maye Bryce Young Malik Willis Zach Wilson Tua Tagovailoa
100%
Jaxson Dart Caleb Williams CJ Stroud Kenny Pickett Trevor Lawrence Joe Burrow
75%
Tyler Shough JJ Mccarthy
75%
Shadeur Sanders Jayden Daniels Anthony Richardson Sam Howell Trey Lance Justin Herbert
63%
Dillion Gabriel Joe Milton
50%
Jalen Milroe Micheal Penix Mac Jones Jalen Hurts
44%
Quinn Ewers Spencer Rattler
31%
Will Howard Bo Nix Will Levis Brock Purdy Justin Fields Jordan Love
25%
No matching quizzes found
Score Distribution
Percent of People with Each Score
Percentile by Number Answered
Your Score History
You have not taken this quiz